Southville International School and Colleges
Your cart is empty.
  • Cart
  • Lists
    Public lists Eva Luna New books Lux_list list_1
    Your lists Log in to create your own lists
  • Log in to your account
  • Your cookies
  • Search history
Southville International School and Colleges
  • Advanced search
  • Recent comments
  • Most popular
  • Libraries

Log in to your account

Log in with GOOGLE


If you do not have an external account, but do have a local account, you can still log in:

  1. Home
  2. MARC view: The Fundamentals of drawing still life :
Normal view MARC view ISBD view

The Fundamentals of drawing still life : (Record no. 358016)

[ view plain ]
MARC details
000 -LEADER
fixed length control field 00651nam a2200241Ia 4500
008 - FIXED-LENGTH DATA ELEMENTS--GENERAL INFORMATION
fixed length control field 180620s9999 xx 000 0 und d
020 ## - INTERNATIONAL STANDARD BOOK NUMBER
International Standard Book Number 978-1-84193-321-4
050 ## - LIBRARY OF CONGRESS CALL NUMBER
Classification number REF NC 730
050 ## - LIBRARY OF CONGRESS CALL NUMBER
Item number .B37 2004
100 ## - MAIN ENTRY--PERSONAL NAME
Personal name Barber, Barrington.
245 #4 - TITLE STATEMENT
Title The Fundamentals of drawing still life :
245 #2 - TITLE STATEMENT
Remainder of title a practical and inspirational course /
245 #0 - TITLE STATEMENT
Statement of responsibility, etc Barrington Barrer.
260 ## - PUBLICATION, DISTRIBUTION, ETC. (IMPRINT)
Place of publication, distribution, etc London :
260 ## - PUBLICATION, DISTRIBUTION, ETC. (IMPRINT)
Name of publisher, distributor, etc Arcturus Publishing,
260 ## - PUBLICATION, DISTRIBUTION, ETC. (IMPRINT)
Date of publication, distribution, etc 2004
300 ## - PHYSICAL DESCRIPTION
Extent 208 pages :
300 ## - PHYSICAL DESCRIPTION
Other physical details illustrations ;
300 ## - PHYSICAL DESCRIPTION
Dimensions 26 cm.
500 ## - GENERAL NOTE
General note Includes index.
650 ## - SUBJECT ADDED ENTRY--TOPICAL TERM
Topical term or geographic name as entry element Drawing -- Technique.
650 ## - SUBJECT ADDED ENTRY--TOPICAL TERM
General subdivision Still life in art.
Holdings
Withdrawn status Lost status Damaged status Home library Current library Shelving location Date acquired Total Checkouts Full call number Barcode Date last seen Price effective from Koha item type
      South Mansfield College South Mansfield College Reference Section 02/14/2011   REF NC 730 .B37 2004 SMC05331 06/20/2018 06/20/2018  

The Fundamentals of drawing still life :

APA

Barber B., .The Fundamentals of drawing still life. London: .

Chicago

Barber Barrington, .The Fundamentals of drawing still life. London: .

Harvard

Barber B., .The Fundamentals of drawing still life. London: .

MLA

Barber Barrington, .London: . .

  • Place hold
  • Print
  • Cite
  • Add to your cart (remove)
  • Save record
    BIBTEX Dublin Core MARCXML MARC (non-Unicode/MARC-8) MARC (Unicode/UTF-8) MARC (Unicode/UTF-8, Standard) MODS (XML) RIS
  • More searches
    Search for this title in:
    Other Libraries (WorldCat) Other Databases (Google Scholar) Online Stores (Bookfinder.com) Open Library (openlibrary.org)

Exporting to Dublin Core...

SOUTHVILLE LIBRARY

Southville International School and Colleges Library

1281 Tropical Ave. Cor. Luxembourg St., BF Homes International, Las Pinas City

Tel. No. 8256374 / 252358 Loc. 117/146

Powered by Koha